000 00592nas a2200229Ia 4500
001 A10/R146-32903
003 IT-MiCISF
005 20250203142618.0
008 161014c99999999xx |||||||||||| ||und||
040 _aIT-MiCISF
_cIT-MiCISF
041 _ait
100 _aPrisciandaro Vittoria
_960239
245 0 _aDialogo in coppia
250 _a"Jesus", n. 12, dicembre
260 _c2000
300 _app. 18-21
500 _a matrimonio-misto, associazioni, esperienze, religioni-non-cattoliche
650 _amatrimonio
654 _adossier
942 _cCR
_2ddc
999 _c228599
_d228599
999 _bSi